Estadísticas para Plantilla Atlético de Madrid Femenino 2023/24

Haz click aquí para intentar la prueba.

Estadísticas generales

  • Esta prueba ha sido intentada 7 veces
  • La puntuación promedio es 13 de 23

Estadísticas de respuestas

DorsalPosiciónJugadora% Correcto
19DELEva Navarro
86%
1PORLola Gallardo
86%
7DEFShei García
86%
11DEFCarmen Menayo
71%
10MEDLeicy Santos
71%
8DELLudmila da Silva
71%
16DELRasheedat Ajibade
71%
18DELSheila Guijarro
71%
20DEFAndrea Medina
57%
22MEDEstefanía Banini
57%
9DELMarta Cardona
57%
6MEDVilde Bøe Risa
57%
3DEFAinhoa Moraza
43%
21DELAna Crnogorčević
43%
27MEDAna Vitória
43%
17MEDGaby García
43%
14DELLucía Moral
43%
13PORPatricia Larqué
43%
5DEFSonia Majarín
43%
2DEFXénia Pérez
43%
24DELAlexia Fernández
29%
15DEFCinta Rodríguez
29%
23MEDMerle Barth
29%

Distribución de puntuación

Porcentaje por número respondido

Porcentaje de gente con cada puntuación

Historial de tus puntuaciones

No has intentado esta prueba.